MARC

LEADER 00000nam0a2200000 4500
001 266080
005 20231101233955.0
035 |a (RuTPU)RU\TPU\book\289084 
090 |a 266080 
100 |a 20140702d1986 km y0rusy50 ca 
101 0 |a rus 
102 |a RU 
105 |a y z 001zy 
200 1 |a Патриотическое и интернациональное воспитание студентов в социалистическом обществе  |f О. А. Бельков [и др.] 
210 |a Москва  |c Высшая школа  |d 1986 
215 |a 79 с. 
225 1 |a Коммунистическое воспитание студентов вузов 
320 |a Библиогр.: с. 75-78. 
606 1 |a Коммунистическое воспитание в вузе  |x Военно-патриотическое  |2 stltpush  |3 (RuTPU)RU\TPU\subj\14930  |9 41250 
610 1 |a патриотическое воспитание 
610 1 |a интернациональное воспитание 
610 1 |a методы 
610 1 |a средства 
610 1 |a вузы 
610 1 |a высшее образование 
610 1 |a 20 век 
686 |a Ч481.35  |v LBC/SL-A  |2 rubbk 
701 1 |a Бельков  |b О. А. 
701 1 |a Каримов  |b М. Х. 
701 1 |a Лисенков  |b М. М. 
701 1 |a Сулимов  |b Е. Ф. 
701 1 |a Тараканов  |b В. П. 
801 1 |a RU  |b 63413507  |c 20140702 
801 2 |a RU  |b 63413507  |c 20151228  |g RCR 
942 |c BK